Conference of the Registrars of Cooperative Societies at New Delhi, 29th & 30 September, 1972 (Record no. 490267)

000 -LEADER
fixed length control field 00488cam a22001097a 4500
008 - FIXED-LENGTH DATA ELEMENTS--GENERAL INFORMATION
fixed length control field 180718b1972 xxu||||| |||| 00| 0 eng d
082 ## - DEWEY DECIMAL CLASSIFICATION NUMBER
Classification number T16096x54 In2/1972
245 ## - TITLE STATEMENT
Title Conference of the Registrars of Cooperative Societies at New Delhi, 29th & 30 September, 1972
Statement of responsibility, etc. by Department of Cooperation, Ministry of Agriculture
260 ## - PUBLICATION, DISTRIBUTION, ETC.
Place of publication, distribution, etc. New Delhi
Name of publisher, distributor, etc. Department of Cooperation, Ministry of Agriculture
Date of publication, distribution, etc. 1972
300 ## - PHYSICAL DESCRIPTION
Extent 68p.
700 ## - ADDED ENTRY--PERSONAL NAME
Personal name India. Ministry of Agriculture. Department of Cooperation
Holdings
Withdrawn status Lost status Damaged status Not for loan Permanent Location Current Location Date acquired Full call number Barcode Date last seen Price effective from Koha item type
        Indian Institute of Public Administration Indian Institute of Public Administration 2018-08-04 T16096x54 In2/1972 GG13849 2018-08-04 2018-08-04 GG

Powered by Koha